000 00534nam a2200193Ia 4500
003 IN-BaIIA
008 211028s9999 xx 000 0 eng d
020 _a0-12-014646-0
040 _cIIA Library
080 _a047.1:621.38
_bAEE-46
245 0 _aAdvances in Electronics and Electron Physics
_bvol. 46
_cedited by L. Marton
260 _aNew York
_bAcademic Press
_c1978
300 _axii, 404p.
650 _aElectronics
_91576
650 _aElectrophysics
650 _aNASA Thesaurus
700 _aMarton, L., ed.
942 _cBK
999 _c6197
_d6197